Biblioteca y Centro de Documentación

Propuestas estratégicas para España (Registro nro. 50761)

Detalles MARC
000 -CABECERA
Longitud fija campo de control 01497nam a2200421 c 4500
001 - NÚMERO DE CONTROL
Número de control 50761
003 - IDENTIFICADOR DE NÚMERO DE CONTROL
Identificador del número de control ES-MaCES
005 - FECHA Y HORA DE LA ÚLTIMA TRANSACCIÓN
Fecha y hora de la última transacción 20250120181739.0
008 - CAMPO FIJO DE DESCRIPCIÓN FIJA--INFORMACIÓN GENERAL
Códigos de información de longitud fija   180601s2017 sp o100 | spa d
017 ## - NÚMERO DE REGISTRO DE DERECHOS DE AUTOR Y DEPÓSITO LEGAL
Número de copyright o de depósito legal M 22114-2017
Agencia que asigna el número DL
024 7# - OTROS IDENTIFICADORES
Número normalizado o código 685-17-0180-4
Fuente del número o código nipo
040 ## - FUENTE DE CATALOGACIÓN
Centro catalogador de origen ES-MaCES
Lengua de catalogación spa
Centro transcriptor ES-MaCES
111 2# - ENCABEZAMIENTO PRINCIPAL--NOMBRE DE REUNIÓN
Nombre de congreso o jurisdicción como elemento de entrada Jornada Nacional de la Mujer
Número del congreso o número de parte o sección de la obra
Fecha del congreso 2016
Sede del congreso Madrid
9 (RLIN) 39124
245 10 - MENCIÓN DE TÍTULO
Título Propuestas estratégicas para España
Mención de responsabilidad, etc. [I] Jornada Nacional de la Mujer, [celebrada el 26 de mayo en Madrid]
260 ## - PUBLICACIÓN, DISTRIBUCIÓN, ETC (PIE DE IMPRENTA)
Lugar de publicación, distribución, etc. Madrid
Nombre del editor, distribuidor, etc. Instituto de la Mujer y para la Igualdad de Oportunidades
Fecha de publicación, distribución, etc. 2017
300 ## - DESCRIPCIÓN FÍSICA
Extensión 141 p.
Otras características físicas fot. bl y n.
Dimensiones 30 cm
490 1# - MENCIÓN DE SERIE
Mención de serie Debate
Designación de volumen o secuencia 55
541 ## - NOTA DE LA FUENTE INMEDIANTE DE ADQUISICIÓN
Forma de adquisición Gratuito
650 #4 - ASIENTO SECUNDARIO DE MATERIA--TÉRMINO DE MATERIA
Término de materia o nombre geográfico como elemento inicial mujeres
9 (RLIN) 28657
650 #4 - ASIENTO SECUNDARIO DE MATERIA--TÉRMINO DE MATERIA
Término de materia o nombre geográfico como elemento inicial igualdad de oportunidades
9 (RLIN) 27183
650 #4 - ASIENTO SECUNDARIO DE MATERIA--TÉRMINO DE MATERIA
Término de materia o nombre geográfico como elemento inicial necesidades de formación
9 (RLIN) 29275
650 #4 - ASIENTO SECUNDARIO DE MATERIA--TÉRMINO DE MATERIA
Término de materia o nombre geográfico como elemento inicial igualdad de oportunidades en el empleo
9 (RLIN) 30649
650 #4 - ASIENTO SECUNDARIO DE MATERIA--TÉRMINO DE MATERIA
Término de materia o nombre geográfico como elemento inicial conciliación
9 (RLIN) 27303
650 #4 - ASIENTO SECUNDARIO DE MATERIA--TÉRMINO DE MATERIA
Término de materia o nombre geográfico como elemento inicial gestión de tiempo
9 (RLIN) 30359
650 #4 - ASIENTO SECUNDARIO DE MATERIA--TÉRMINO DE MATERIA
Término de materia o nombre geográfico como elemento inicial responsabilidades familiares
9 (RLIN) 30598
650 #4 - ASIENTO SECUNDARIO DE MATERIA--TÉRMINO DE MATERIA
Término de materia o nombre geográfico como elemento inicial potenciación de las mujeres
9 (RLIN) 30610
650 #4 - ASIENTO SECUNDARIO DE MATERIA--TÉRMINO DE MATERIA
Término de materia o nombre geográfico como elemento inicial empresaria
9 (RLIN) 30568
650 #4 - ASIENTO SECUNDARIO DE MATERIA--TÉRMINO DE MATERIA
Término de materia o nombre geográfico como elemento inicial liderazgo
9 (RLIN) 27293
650 #4 - ASIENTO SECUNDARIO DE MATERIA--TÉRMINO DE MATERIA
Término de materia o nombre geográfico como elemento inicial cambio social
9 (RLIN) 27286
650 #4 - ASIENTO SECUNDARIO DE MATERIA--TÉRMINO DE MATERIA
Término de materia o nombre geográfico como elemento inicial España
9 (RLIN) 26964
650 #4 - ASIENTO SECUNDARIO DE MATERIA--TÉRMINO DE MATERIA
Término de materia o nombre geográfico como elemento inicial plan de acción
9 (RLIN) 30406
650 #4 - ASIENTO SECUNDARIO DE MATERIA--TÉRMINO DE MATERIA
9 (RLIN) 27013
Término de materia o nombre geográfico como elemento inicial conferencia
653 10 - TÉRMINO DE INDEXACIÓN--NO CONTROLADO
Término no controlado Mujer
710 2# - ENCABEZAMIENTO SECUNDARIO--NOMBRE CORPORATIVO
Nombre de entidad o nombre de jurisdicción como elemento inicial Instituto de la Mujer y para la Igualdad de Oportunidades (España)
Término indicativo de función ed.
9 (RLIN) 36413
830 #0 - ENCABEZAMIENTO SECUNDARIO DE COLECCIÓN--TÍTULO UNIFORME
Título uniforme Debate (Instituto de la Mujer (España))
Designación de volumen o secuencia 55
9 (RLIN) 32789
902 ## - CES. TIPO DE DOCUMENTO
Tipodoc (006$c Sirtex) LIB Libro
942 ## - ELEMENTOS KOHA
Fuente de clasificaión o esquema Clasificación propia del CES
Koha [por defecto] tipo de item Monografías
Parte de clasificación Asuntos Sociales
Existencias
Número de registro Signatura completa Tipo de item de Koha
090479 SG-3.3.-644 Monografías
© CES, Consejo Económico y Social de España 2021